Österreichische Flüsse A-Z - Statistiken

Allgemein
  • Dieses Quiz wurde 55 mal gespielt
  • Das Durchschnittsergebnis liegt bei 11 aus 23
Antwortstatistiken
# Land Länge (km) Hinweis Fluss % Korrekt
I SB, OÖ 517 Fließt durch die Tiroler Hauptstadt Inn
96%
D TI, KÄ 749 Fließt von Südtirol bis Kroatien Drau
91%
E SB, ST, OÖ, NÖ 254 Längster Binnenfluss Enns
80%
M SB, ST 453 Längster Fluss der Steiermark Mur
74%
R VB 1.232,7 Entwässert den Großteil Vorarlbergs Rhein
70%
Y 138 Fließt durch Amstetten und Waidhofen Ybbs
70%
S SA 225 Verläuft quer durch Salzburg Salzach
67%
T OÖ, ST 153 Mündet in Linz in die Donau Traun
67%
Z TI 55,7 Bekanntes Tal um Zell Ziller
63%
H TI 17,3 Heißt wie eine Baumarktkette Hornbach
52%
L NÖ, BU 180 Früher Grenzfluss Österreich-Ungarns Leitha
52%
W W, NÖ 34 Kann über die Kennedybrücke überquert werden Wien
52%
V SB, OÖ 47 Namensgeber für einen Bezirk Vöckla
50%
G 157 Zweitlängster Fluss Kärntens Gurk
35%
K 153 Führte 2002 und 2024 Hochwasser Kamp
33%
A 34 Abfluss des Attersees Ager
28%
P NÖ, ST, BU 94 Fließt durch Oberwart Pinka
28%
F ST, BU 115,8 Speist den Stubenbergsee Feistritz
20%
B VB 67 Zufluss des Bodensees Bregenzer Ach
15%
N 27,3 Fließt durch Perg im Mühlviertel Naarn
11%
J 11 Fließt durch Freistadt im Mühlviertel Jaunitz
0%
O 18,2 Fließt durch Ried im Innkreis Oberach
0%
U 35 Fließt durch Amstetten Url
0%
Keine übereinstimmenden Quizze gefunden
Verteilung der Resultate
Anzahl Personen mit jedem Resultat
Perzentil nach korrekt beantworteten Fragen
Ihre Resultats-Entwicklung
Sie haben dieses Quiz noch nicht gespielt